000 00426nam a2200169 a 4500
001 0000-8806
003 ELIB.Books
008 110520 1974
035 _a(ELIB.Books)0000-8952
082 _a225.92
_bHub
100 _aHubbard, David Allan
245 _aThey Met Jesus
260 _bNew York: A. J. Holman Company
_c1974
650 _aNew Testament
942 _2ddc
_cBK
998 _cbat
_e2011-05-20
999 _c8806
_d8806